01120cam a2200313 i 45000010008000000030009000080050017000170080041000340200015000750200018000900400038001080820020001462450056001662640070002223000028002923360026003203370028003463380027003744900053004015040052004546500036005066510010005426530033005526550017005857000034006029420012006369990017006489520141006651260521EG-ScBUE20241021093235.0740424s1979 riu f b 001 0 eng d a082181513X a9780821815137 aDLCbengerdacDLCdDLCdEG-ScBUE04a515.72222bTOP00aTopics in operator theory /cedited by Carl Pearcy. 1aProvidence, Rhode Island :bAmerican Mathematical Society,c1979. aix, 235 pages ;c26 cm. 2rdacontentatextbtxt aunmediated2rdamediabn avolumebnc2rdacarrier0 aMathematical surveys and monographs ;vvolume 13 aIncludes bibliographical references and index.  7aLinear operators.9229962BUEsh 2BUEsh bENGGENcMay2011cJanuary2016 vReading book1 924429aPearcy, Carl,eeditor. 2ddccBB c15470d15470 00102ddc40708BaccahaMAINbMAINc1STd2011-05-30ePurchaseg390.00h22696l0o515.72 TOPp000023795r2025-07-15 00:00:00v474.00yBB